<?xml version="1.0" encoding="UTF-8"?>
<record
    xmlns:xsi="http://www.w3.org/2001/XMLSchema-instance"
    xsi:schemaLocation="http://www.loc.gov/MARC21/slim http://www.loc.gov/standards/marcxml/schema/MARC21slim.xsd"
    xmlns="http://www.loc.gov/MARC21/slim">

  <leader>01771nam a2200277 i 4500</leader>
  <controlfield tag="001">000046214</controlfield>
  <controlfield tag="003">DO-SdBNP</controlfield>
  <controlfield tag="005">20250410123847.0</controlfield>
  <controlfield tag="007">ta</controlfield>
  <controlfield tag="008">150707s2000    dr            000 j spa d</controlfield>
  <datafield tag="020" ind1=" " ind2=" ">
    <subfield code="a">9993442038</subfield>
  </datafield>
  <datafield tag="040" ind1=" " ind2=" ">
    <subfield code="a">DO-SdBNP</subfield>
    <subfield code="b">spa</subfield>
    <subfield code="c">BNPHU</subfield>
    <subfield code="e">rda</subfield>
  </datafield>
  <datafield tag="082" ind1=" " ind2="4">
    <subfield code="a">RD863.44</subfield>
    <subfield code="b">C965b</subfield>
    <subfield code="2">22</subfield>
  </datafield>
  <datafield tag="245" ind1="0" ind2="0">
    <subfield code="a">Cuentos breves.</subfield>
  </datafield>
  <datafield tag="264" ind1=" " ind2=" ">
    <subfield code="a">Santo Domingo :</subfield>
    <subfield code="b">Ediciones Ferilibro,</subfield>
    <subfield code="c">2000</subfield>
  </datafield>
  <datafield tag="300" ind1=" " ind2=" ">
    <subfield code="a">57 p&#xE1;ginas ;</subfield>
    <subfield code="c">23 cm.</subfield>
  </datafield>
  <datafield tag="336" ind1=" " ind2=" ">
    <subfield code="2">rdacontent </subfield>
    <subfield code="a">texto</subfield>
    <subfield code="b">txt</subfield>
  </datafield>
  <datafield tag="337" ind1=" " ind2=" ">
    <subfield code="2">rdamedia</subfield>
    <subfield code="a">sin mediaci&#xF3;n </subfield>
    <subfield code="b">n</subfield>
  </datafield>
  <datafield tag="338" ind1=" " ind2=" ">
    <subfield code="2">rdacarrier </subfield>
    <subfield code="a">volumen </subfield>
    <subfield code="b">nc</subfield>
  </datafield>
  <datafield tag="505" ind1="0" ind2=" ">
    <subfield code="g">Presentaci&#xF3;n --</subfield>
    <subfield code="r">Jos&#xE9; Rafael Lantigua /</subfield>
    <subfield code="g">Cuentos premiados --</subfield>
    <subfield code="g">primer premio :</subfield>
    <subfield code="t">La gotita de agua /</subfield>
    <subfield code="r">Elisa Fern&#xE1;ndez Malla --</subfield>
    <subfield code="g">segundo premio :</subfield>
    <subfield code="t">Yo escribo libros /</subfield>
    <subfield code="r">Rosalyn Arias Piantini --</subfield>
    <subfield code="g">tercer premio :</subfield>
    <subfield code="t">En los brazos de la noche /</subfield>
    <subfield code="r">Hyden Carr&#xF3;n --</subfield>
    <subfield code="g">Menciones de honor :</subfield>
    <subfield code="t">La constancia /</subfield>
    <subfield code="r">Juan Bautista Cueto --</subfield>
    <subfield code="t">Loquito por Marilyn /</subfield>
    <subfield code="r">Jan Castillo --</subfield>
    <subfield code="t">Cuerpo errante /</subfield>
    <subfield code="r">Johanna Lantigua Vargas --</subfield>
    <subfield code="t">El silencio dice muerte /</subfield>
    <subfield code="r">Miguel Piccini --</subfield>
    <subfield code="t">Sue&#xF1;o /</subfield>
    <subfield code="r">Rommel Soto --</subfield>
    <subfield code="t">Fr&#xED;o /</subfield>
    <subfield code="r">Judith Celeste Morillo Montero --</subfield>
    <subfield code="t">Escape /</subfield>
    <subfield code="r">Gloria Mar&#xED;a Read --</subfield>
    <subfield code="t">Desde el balc&#xF3;n /</subfield>
    <subfield code="r">Gloria Mar&#xED;a Read --</subfield>
    <subfield code="t">Maravillosas p&#xED;ldoras /</subfield>
    <subfield code="r">aral&#xED; Medrano Carvajal --</subfield>
    <subfield code="t">Cr&#xE9;eme /</subfield>
    <subfield code="r">Tulio Jos&#xE9; Mateo de Pe&#xF1;a --</subfield>
    <subfield code="t">Claudia /</subfield>
    <subfield code="r">Mar&#xED;a Ivanova Reyes Peguero --</subfield>
    <subfield code="t">El contacto /</subfield>
    <subfield code="r">Gabriela Mar&#xED;a Read --</subfield>
    <subfield code="t">Tiempo sin tiempo /</subfield>
    <subfield code="r">Ram&#xF3;n Mesa --</subfield>
    <subfield code="t">Compromiso con el destino /</subfield>
    <subfield code="r">Mar&#xED;a de Montserrat Sistachs G&#xF3;mez --</subfield>
    <subfield code="t">S&#xF3;lo por un sue&#xF1;o /</subfield>
    <subfield code="r">Gabriela Mar&#xED;a Navarro --</subfield>
    <subfield code="t">Sobre los autores --</subfield>
  </datafield>
  <datafield tag="590" ind1=" " ind2=" ">
    <subfield code="a">Perteneci&#xF3; a la biblioteca personal de Chiqui Vicioso/Fidelio Despradel</subfield>
  </datafield>
  <datafield tag="650" ind1=" " ind2="4">
    <subfield code="a">Cuentos dominicanos</subfield>
  </datafield>
  <datafield tag="650" ind1=" " ind2="4">
    <subfield code="a">Literatura dominicana</subfield>
  </datafield>
  <datafield tag="910" ind1=" " ind2=" ">
    <subfield code="a">Validado. Control de calidad MFF</subfield>
  </datafield>
  <datafield tag="942" ind1=" " ind2=" ">
    <subfield code="2">ddc</subfield>
    <subfield code="c">LBS1</subfield>
  </datafield>
  <datafield tag="952" ind1=" " ind2=" ">
    <subfield code="0">0</subfield>
    <subfield code="1">0</subfield>
    <subfield code="2">ddc</subfield>
    <subfield code="5">1</subfield>
    <subfield code="7">0</subfield>
    <subfield code="8">PD</subfield>
    <subfield code="a">BNPHU</subfield>
    <subfield code="b">BNPHU</subfield>
    <subfield code="c">HD</subfield>
    <subfield code="d">2015-07-07</subfield>
    <subfield code="l">0</subfield>
    <subfield code="o">BNPHU PD RD863.44 C965b</subfield>
    <subfield code="p">46214-10</subfield>
    <subfield code="r">2020-06-25</subfield>
    <subfield code="w">2020-06-25</subfield>
    <subfield code="y">LBS1</subfield>
    <subfield code="z">Perteneci&#xF3; a la biblioteca personal de Chiqui Vicioso / Fidelio Despradel.</subfield>
    <subfield code="Z">No se presta</subfield>
  </datafield>
  <datafield tag="952" ind1=" " ind2=" ">
    <subfield code="0">0</subfield>
    <subfield code="1">0</subfield>
    <subfield code="2">ddc</subfield>
    <subfield code="5">1</subfield>
    <subfield code="7">0</subfield>
    <subfield code="8">PD</subfield>
    <subfield code="a">BNPHU</subfield>
    <subfield code="b">BNPHU</subfield>
    <subfield code="c">HD</subfield>
    <subfield code="d">2015-08-26</subfield>
    <subfield code="l">0</subfield>
    <subfield code="o">BNPHU PD RD863.44 C965b</subfield>
    <subfield code="p">46214-20</subfield>
    <subfield code="r">2020-06-25</subfield>
    <subfield code="t">e. 2</subfield>
    <subfield code="w">2020-06-25</subfield>
    <subfield code="y">LBS1</subfield>
    <subfield code="z">Perteneci&#xF3; a la bibliteca personal de Chiqui Vicioso / Fidelio Despradel.</subfield>
    <subfield code="Z">No se presta</subfield>
  </datafield>
  <datafield tag="952" ind1=" " ind2=" ">
    <subfield code="0">0</subfield>
    <subfield code="1">0</subfield>
    <subfield code="2">ddc</subfield>
    <subfield code="5">6</subfield>
    <subfield code="7">0</subfield>
    <subfield code="8">DS</subfield>
    <subfield code="a">BNPHU</subfield>
    <subfield code="b">BNPHU</subfield>
    <subfield code="c">HD</subfield>
    <subfield code="d">2014-12-01</subfield>
    <subfield code="e">Barbara Suncar</subfield>
    <subfield code="l">0</subfield>
    <subfield code="o">BNPHU DS RD863.44 C965b</subfield>
    <subfield code="p">2023-8180</subfield>
    <subfield code="r">2023-12-01</subfield>
    <subfield code="t">e.  3</subfield>
    <subfield code="w">2020-06-25</subfield>
    <subfield code="y">LBS1</subfield>
    <subfield code="z">Perteneci&#xF3; a la biblioteca personal de B&#xE1;rbara Suncar</subfield>
  </datafield>
  <datafield tag="999" ind1=" " ind2=" ">
    <subfield code="c">45703</subfield>
    <subfield code="d">45703</subfield>
  </datafield>
</record>
